From seed to dandelion / (Record no. 2242)

MARC details
000 -LEADER
fixed length control field 00844nam a22002177a 4500
005 - DATE AND TIME OF LATEST TRANSACTION
control field 20231113134113.0
020 ## - INTERNATIONAL STANDARD BOOK NUMBER
International Standard Book Number 9780531187920
040 ## - CATALOGING SOURCE
Original cataloging agency FISKH
Language of cataloging eng
Transcribing agency FISKH
Modifying agency FISKH
050 ## - LIBRARY OF CONGRESS CALL NUMBER
Classification number QK495.C74
082 ## - DEWEY DECIMAL CLASSIFICATION NUMBER
Classification number 583.99
100 ## - MAIN ENTRY--PERSONAL NAME
Personal name Weiss, Ellen
245 ## - TITLE STATEMENT
Title From seed to dandelion /
Statement of responsibility, etc. By Ellen Weiss
260 ## - PUBLICATION, DISTRIBUTION, ETC.
Place of publication, distribution, etc. New York :
Name of publisher, distributor, etc. Scholastic,
Date of publication, distribution, etc. 2008
300 ## - PHYSICAL DESCRIPTION
Extent 24 pages :
Other physical details illustrations
Dimensions 20 cm
505 ## - FORMATTED CONTENTS NOTE
Formatted contents note H
520 ## - SUMMARY, ETC.
Summary, etc. Life cycles are a fascinating and integral part of every science curriculum. These titles are a great introduction to the wonder of how things grow. Beautiful, full-colour photographs and illustrations demonstrate the step-by-step process of a variety of plant growths, supported with an introduction to basic botany terms.
521 ## - TARGET AUDIENCE NOTE
Target audience note 480
Source Lexile
521 ## - TARGET AUDIENCE NOTE
Target audience note H
Source Raz-Plus
942 ## - ADDED ENTRY ELEMENTS (KOHA)
Source of classification or shelving scheme Dewey Decimal Classification
Koha item type Books
Suppress in OPAC No
999 ## -
-- 2242
-- 2242
Holdings
Withdrawn status Lost status Source of classification or shelving scheme Damaged status Not for loan Collection Home library Current library Shelving location Date acquired Total Checkouts Full call number Barcode Date last seen Date last checked out Copy number Price effective from Koha item type
    Dewey Decimal Classification     Non-Fiction Footprints International School Library Network Toul Kork Campus Footprints International School Library Network Toul Kork Campus TK Primary Library Room(4th Floor), Bookcase 1&2, Shelves 1-16, Dark Blue Books 11/13/2023 1 WEI 583.99 QK495.C74 FISBK05813 05/09/2024 02/15/2024 1 11/13/2023 Books
    Dewey Decimal Classification     Non-Fiction Footprints International School Library Network Toul Kork Campus Footprints International School Library Network Toul Kork Campus TK Primary Library Room(4th Floor), Bookcase 1&2, Shelves 1-16, Dark Blue Books 11/13/2023 1 WEI 583.99 QK495.C74 FISBK05894 09/09/2024 08/12/2024 2 11/13/2023 Books